banner-ar

قراءة العقل العربى (Record no. 43074)

MARC details
000 -الفاتح
حقل البيانات ثابتة الطول 00555nam a2200181Ia 4500
005 - وقت وتاريخ اخر تعامل مع التسجيلة
رقم الضبط 20240530103849.0
008 - عناصر البيانات ثابتة الطول - معلومات عامة
حقل البيانات ثابتة الطول 140319s9999 xx 000 0 ara d
040 ## - مصدر الفهرسة
وكالة الفهرسة الأصلية GCL /
وكالة النسخ GCL
082 04 - رقم تصنيف ديوى العشرى
رقم التصنيف 189.901
رقم المادة هـ ق
100 ## - المدخل الرئيسى - إسم شخصى
الإسم الشخصى هشام المرعشلى
245 10 - بيان العنوان
العنوان قراءة العقل العربى
بيان المسئوليه,etc هشام المرعشلى
650 04 - المدخل الاضافى بالموضوع-مصطلح موضوعى
مصطلح موضوعي الفكر العربى
650 04 - المدخل الاضافى بالموضوع-مصطلح موضوعى
مصطلح موضوعي حركات الاصلاح والتجديد
650 04 - المدخل الاضافى بالموضوع-مصطلح موضوعى
مصطلح موضوعي الفكر الاسلامى - تطور
700 ## - المدخل الاضافى - اسم شخصى
الإسم الشخصى حسن حنفى (مقدم)
942 ## - عناصر المدخل الإضافي( كوها)
مصدر التصنيف او مخطط الترفيف Dewey Decimal Classification
Koha [default] item type كتاب
Holdings
حالة التراجع حالة الفقد حالة تلف ليس للاعارة المكان المؤقت الموقع الحالى تاريخ الاكتساب اجمالي اﻻعارات رقم الطلب الباركود تاريخ اخر مشاهدة تاريخ تفعيل السعر نوع وعاء كوها
        مكتبة القاهرة الكبرى مكتبة القاهرة الكبرى 03/26/2014   189.901\هـ ق 104164 03/26/2014 03/26/2014 كتاب
        مكتبة القاهرة الكبرى مكتبة القاهرة الكبرى 03/26/2014   189.901\هـ ق 104165 03/26/2014 03/26/2014 كتاب

Powered By

EGPV